000 00428nam a22001577a 4500
020 _a03-5000-1111
082 _a894.812.3
_bKAV/S
100 _aKAVILPPAD A B V
245 _aSREE AYYAPPAN KATHAKAL
_bSAHASRANAMAVALI AND STHUTHI GEETHJANGAL
250 _a3
260 _aTHRISSUR
_bH&C PUBLISHING HOUSE
_c2011
300 _a112
520 _aHINDU GOD AYYAPPAN STORIES
650 _aMALAYALAM SHORT STORIES
_zKERALA
942 _cBK
999 _c1264
_d1264